Culture générale, le plus... #2 - Statistiques

Statistiques générales
  • Ce quiz a été pris 188 fois
  • Le résultat moyen est 6 sur 10
Statistiques - réponses
Hint Réponse % Correct
La langue la plus parlée au monde (1,45 milliards de locuteurs) Anglais
99%
Le plus petit pays du monde (0,44 km²) Vatican
92%
Le plus grand animal vivant sur Terre (20 à 30 m) Baleine bleue
86%
Le plus long fleuve du monde (7000 km) Amazone
68%
Le groupe de musique ayant vendu le plus d'albums (600 millions) The Beatles
63%
Le pays qui compte le plus de fuseaux horaires (13) France
60%
Le plus grand désert du monde (14 millions de km²) Antarctique
49%
La vidéo la plus vue de youtube (15 milliards de vues) Baby Shark Dance
34%
Le tableau le plus cher jamais vendu (450 millions de dollars) Salvator Mundi
5%
La ville la plus haute du monde (5100 m) La Rinconada
1%
Aucun quiz correspondant
Distribution des résultats
% des personnes avec chaque résultat
Percentile par nombre de réponses
Votre historique - résultats
Vous n’avez pas pris ce quiz